000 00468nam a2200205Ia 4500
003 0100
008 130303s9999 xx 000 0 und d
020 _a1844670538
040 _cARRUPELIB
050 _aBF778.B313 2005
100 _aBaudrillard, Jean
245 4 _aThe system of objects
260 _aLondon
260 _bVerso
260 _C2005
300 _a224p.
300 _b 22cm
650 _bIndividuation (Philosophy)--Cases
942 _2lcc
_01
999 _c61529
_d61529